000
00160 a2200085 4500
041
_a
eng
100
_a
Ruurs, Margriet
245
_a
A Mountain Alphabet
942
_c
BK
999
_c
9823
_d
9823